000 00665nam a22002177a 4500
003 UA-OsUOA
001 118741
007 ta
008 20160914b un ||||| |||| 00| 0 ukr d
100 _aНездолій О.І.
090 _a902
_bН44
942 _cSA
040 _aUA-OsUOA
_bukr
_cUA-OsUOA
_dUA-OsUOA
245 _aПалеолітична стоянка Коробчине-курган у ландшафті басейну Великої Висі
300 _aС.3-13
955 _a0
041 _aukr
080 _a902
773 0 _w118740
_tАрхеологія
_dК.
_d2016
_g2
650 7 _a9 Географія. Біографії. Історія
_2UDC
999 _c404850
_d404850